[Event "AUS-ch U18"]
[Site "Sandy Bay"]
[Date "2010.01.23"]
[Round "9"]
[White "Short, Owen"]
[Black "Karumbi, Simon"]
[Result "1/2-1/2"]
[WhiteElo "1290"]
[BlackElo "1083"]
[PlyCount "110"]
[EventDate "2010.01.14"]
[EventType "swiss"]
[EventRounds "11"]
[EventCountry "AUS"]
[SourceTitle "EXT 2011"]
[Source "ChessBase"]
[SourceDate "2010.11.26"]
[SourceVersion "1"]
[SourceVersionDate "2010.11.26"]
[SourceQuality "1"]

1. d4 c5 2. e3 d5 3. Nf3 Bg4 4. Be2 Nf6 5. Ne5 Bxe2 6. Qxe2 e6 7. Qb5+ Nbd7 8. Nxd7 Qxd7 9. Qxd7+ Nxd7 10. c3 c4 11. b3 b5 12. Nd2 h6 13. a4 b4 14. Bb2 Rc8 15. Rc1 a5 16. f3 Nb6 17. Ke2 cxb3 18. Nxb3 Nxa4 19. cxb4 Rxc1 20. Bxc1 Bxb4 21. Bd2 Ke7 22. Nxa5 Bxa5 23. Bxa5 Nb2 24. Rb1 Nc4 25. Bb4+ Kf6 26. Bc5 Ra8 27. f4 Ra2+ 28. Kd3 Rxg2 29. e4 Nd2 30. e5+ Kf5 31. Rb2 Nf3 32. Rb7 Kg6 33. f5+ exf5 34. Rb6+ Kh7 35. Rb7 Ng5 36. h4 Rg3+ 37. Ke2 Ne4 38. Rxf7 Rg6 39. Kf3 Rc6 40. Rxf5 Kg6 41. Rf8 Kh5 42. Rd8 Nxc5 43. dxc5 Rxc5 44. e6 Rc7 45. Rd7 Rc6 46. e7 Re6 47. Rxd5+ Kxh4 48. Rd7 g5 49. Rd6 Rxd6 50. e8Q g4+ 51. Kg2 Rd2+ 52. Kg1 Rd1+ 53. Kg2 Rd2+ 54. Kg1 Rd1+ 55. Kg2 Rd2+ 1/2-1/2

[Event "AUS-ch U18"]
[Site "Sandy Bay"]
[Date "2010.01.20"]
[Round "7"]
[White "Reid, Mitchell"]
[Black "Karumbi, Simon"]
[Result "0-1"]
[WhiteElo "895"]
[BlackElo "1083"]
[PlyCount "94"]
[EventDate "2010.01.14"]
[EventType "swiss"]
[EventRounds "11"]
[EventCountry "AUS"]
[SourceTitle "EXT 2011"]
[Source "ChessBase"]
[SourceDate "2010.11.26"]
[SourceVersion "1"]
[SourceVersionDate "2010.11.26"]
[SourceQuality "1"]

1. e4 e6 2. d3 c5 3. g3 Nc6 4. Bg2 d5 5. Nc3 d4 6. Nce2 e5 7. Nf3 Be6 8. c3 Be7 9. Qa4 Qd7 10. 0-0 f5 11. cxd4 cxd4 12. Bd2 fxe4 13. dxe4 Nf6 14. Ng5 0-0 15. Nxe6 Qxe6 16. b4 d3 17. Nc1 Rfd8 18. b5 Nd4 19. Kh1 Ne2 20. Nb3 Ng4 21. h3 Nf6 22. Ba5 b6 23. Bd2 Bc5 24. Bg5 Bd4 25. Rad1 Nxe4 26. Nxd4 Rxd4 27. Qa3 Nxg5 28. Qa6 Nxh3 29. Qb7 Nxf2+ 30. Rxf2 Qh6+ 31. Bh3 Qxh3+ 32. Rh2 Nxg3+ 33. Kg1 Ne2+ 34. Kh1 Qc8 35. Qf3 Rf4 36. Qd5+ Kh8 37. Qxd3 Qb7+ 38. Qd5 Rf1+ 39. Kg2 Nf4+ 40. Kxf1 Nxd5 41. Rhd2 Ne3+ 42. Ke2 Nxd1 43. Kxd1 Qf3+ 44. Kc1 Rc8+ 45. Kb1 Qf1+ 46. Kb2 Qxb5+ 47. Ka3 Rc3# 0-1

[Event "AUS-ch U18"]
[Site "Sandy Bay"]
[Date "2010.01.18"]
[Round "5"]
[White "Dommersnes, Brett"]
[Black "Karumbi, Simon"]
[Result "0-1"]
[WhiteElo "187"]
[BlackElo "1083"]
[PlyCount "68"]
[EventDate "2010.01.14"]
[EventType "swiss"]
[EventRounds "11"]
[EventCountry "AUS"]
[SourceTitle "EXT 2011"]
[Source "ChessBase"]
[SourceDate "2010.11.26"]
[SourceVersion "1"]
[SourceVersionDate "2010.11.26"]
[SourceQuality "1"]

1. e3 d5 2. Nc3 c5 3. d4 e6 4. Nf3 Nf6 5. b3 Nc6 6. Bb5 cxd4 7. exd4 Bb4 8. Bd2 0-0 9. 0-0 Qb6 10. Ne2 Qxb5 11. c3 Bd6 12. Re1 Qb6 13. Bf4 Bxf4 14. Nxf4 Ne4 15. Qd3 e5 16. Ne2 Bf5 17. Rad1 exd4 18. cxd4 Nb4 19. Qe3 Nc2 20. Qd3 Nxe1 21. Nxe1 Nxf2 22. Qxf5 Nxd1 23. Nf3 Qa6 24. Ng5 Qg6 25. Ng3 Ne3 26. Qf4 Qb1+ 27. Kf2 Qxa2+ 28. Kxe3 Qxb3+ 29. Kf2 Qc2+ 30. Ne2 Rae8 31. Kg3 Rxe2 32. Qg4 Rxg2+ 33. Kh3 Rxh2+ 34. Kg3 Qf2# 0-1

[Event "AUS-ch U18"]
[Site "Sandy Bay"]
[Date "2010.01.16"]
[Round "4"]
[White "Karumbi, Simon"]
[Black "Hayman, Adam"]
[Result "0-1"]
[WhiteElo "1083"]
[BlackElo "1364"]
[PlyCount "66"]
[EventDate "2010.01.14"]
[EventType "swiss"]
[EventRounds "11"]
[EventCountry "AUS"]
[SourceTitle "EXT 2011"]
[Source "ChessBase"]
[SourceDate "2010.11.26"]
[SourceVersion "1"]
[SourceVersionDate "2010.11.26"]
[SourceQuality "1"]

1. g3 d5 2. Bg2 e5 3. d3 Nf6 4. Nd2 Bc5 5. c4 c6 6. Qc2 Qb6 7. e3 Ng4 8. Nb3 Bb4+ 9. Ke2 Be6 10. c5 Qc7 11. Bd2 Bxd2 12. Nxd2 Nd7 13. b4 0-0 14. h3 Ngf6 15. f4 Rfe8 16. Kf2 Re7 17. e4 dxe4 18. Nxe4 Nxe4+ 19. Bxe4 exf4 20. gxf4 Qxf4+ 21. Nf3 Nf6 22. Rae1 Rae8 23. Re2 Bd5 24. Rhe1 Bxe4 25. dxe4 Nxe4+ 26. Kg1 Qg3+ 27. Rg2 Qxf3 28. Ree2 Ng5 29. Rxe7 Rxe7 30. Qd2 Nxh3+ 31. Kh1 Qf1+ 32. Kh2 Qf4+ 33. Kxh3 Re3+ 0-1